000 00540pab a2200181 454500
008 180718b2009 xxu||||| |||| 00| 0 eng d
100 _aSwarnakar, Pradip
245 _aRisk, awareness and response: study of people's attitude towards groundwater arsenic contamination in West Bengal, India
260 _c2009
300 _ap.61-83.
362 _aJan-Mar
650 _aGroundwater - India - West Bengal
650 _aGroundwater
700 _aSharma, Arun Kumar
773 _aEastern Anthropologist
908 _aN
909 _a82560
999 _c82560
_d82560